00363nam a2200145Ia 4500008004100000020001500041041001200056100001200068245005000080250000800130260004000138300000800178650001500186700001600201221030s9999 xx 000 0 und d a1259004740 aEnglish aM. Levy 0aRetailing Managementcby M. Levy, B. A. Weitz a8th bMcGraw - Hill Pub.aNew Delhic2015 a848 aManagement aB. A. Weitz